Pays, États non-reconnus et Territoires du Monde - Statistiques

Statistiques générales
  • Ce quiz a été pris 80 621 fois
    52 865 depuis la dernière actualisation
  • Le résultat moyen est 132 sur 247
Réponses sur la Carte
Les réponses sont colorées sur une échelle allant du rouge au vert en fonction du pourcentage des utilisateurs qui les ont devinées à leur premier essai. Vous pouvez retrouver ces pourcentages ci-dessous.
 
Statistiques - réponses
Réponses % Correct
États-Unis
75%
France
75%
Groenland
74%
Palestine
74%
Canada
73%
Mexique
71%
Espagne
70%
Russie
70%
Brésil
69%
Portugal
69%
Allemagne
68%
Chine
68%
Irlande
68%
Islande
68%
Italie
68%
Royaume-Uni
68%
Algérie
67%
Argentine
67%
Australie
67%
Belgique
67%
Chili
67%
Danemark
67%
Inde
67%
Maroc
67%
Norvège
67%
Suède
67%
Suisse
67%
Cuba
66%
Finlande
66%
Japon
66%
Pays-Bas
66%
Pologne
66%
Turquie
66%
Ukraine
66%
Afrique du Sud
65%
Colombie
65%
Corée du Nord
65%
Corée du Sud
65%
Égypte
65%
Grèce
65%
Guyane
65%
Israël
65%
Madagascar
65%
Tunisie
65%
Uruguay
65%
Arabie Saoudite
64%
Autriche
64%
Biélorussie
64%
Estonie
64%
Iran
64%
Lituanie
64%
Mongolie
64%
Nouvelle-Zélande
64%
Pérou
64%
République démocratique du Congo
64%
République du Congo
64%
Roumanie
64%
Venezuela
64%
Albanie
63%
Bolivie
63%
Croatie
63%
Équateur
63%
Indonésie
63%
Irak
63%
Kosovo
63%
Lettonie
63%
Libye
63%
Paraguay
63%
Chypre
62%
Haïti
62%
Hongrie
62%
Kazakhstan
62%
Luxembourg
62%
Mali
62%
Malte
62%
Pakistan
62%
Panama
62%
République tchèque
62%
Slovaquie
62%
Slovénie
62%
Afghanistan
61%
Bulgarie
61%
Niger
61%
Sénégal
61%
Serbie
61%
Soudan
61%
Thaïlande
61%
Viêt Nam
61%
Yémen
61%
Andorre
60%
Bosnie-Herzégovine
60%
Émirats arabes unis
60%
Guinée
60%
Guyana
60%
Macédoine du Nord
60%
Népal
60%
Nigeria
60%
Ouzbékistan
60%
Qatar
60%
Somalie
60%
Syrie
60%
Taïwan
60%
Arménie
59%
Cap-Vert
59%
Costa Rica
59%
Éthiopie
59%
Honduras
59%
Jamaïque
59%
Jordanie
59%
Laos
59%
Mauritanie
59%
Moldavie
59%
Monaco
59%
Monténégro
59%
Oman
59%
Philippines
59%
République dominicaine
59%
Sri Lanka
59%
Suriname
59%
Vatican
59%
Bahamas
58%
Cambodge
58%
Cameroun
58%
Côte d'Ivoire
58%
Géorgie
58%
Guatemala
58%
Liban
58%
Malaisie
58%
Nicaragua
58%
Papouasie-Nouvelle-Guinée
58%
Soudan du Sud
58%
Turkménistan
58%
Zimbabwe
58%
Angola
57%
Azerbaïdjan
57%
Bangladesh
57%
Birmanie
57%
Kenya
57%
Saint-Marin
57%
Salvador
57%
Tchad
57%
Togo
57%
Zambie
57%
Belize
56%
Érythrée
56%
Guinée équatoriale
56%
Lesotho
56%
Tanzanie
56%
Bénin
55%
Bhoutan
55%
Comores
55%
Fidji
55%
Ghana
55%
Guinée-Bissau
55%
Île Maurice
55%
Kirghizistan
55%
Koweït
55%
La Réunion
55%
Liechtenstein
55%
Maldives
55%
Mozambique
55%
Namibie
55%
République Centrafricaine
55%
Rwanda
55%
Seychelles
55%
Tadjikistan
55%
Burkina Faso
54%
Djibouti
54%
Gabon
54%
Botswana
53%
Eswatini
53%
Liberia
53%
Ouganda
53%
Gambie
52%
Guadeloupe
52%
Micronésie
52%
Malawi
51%
Martinique
51%
Sainte-Lucie
51%
Sao Tomé-et-Principe
51%
Sierra Leone
51%
Singapour
51%
Bahreïn
50%
Burundi
50%
Dominique
50%
Îles Marshall
50%
Kiribati
50%
Barbade
49%
Saint-Vincent-et-les-Grenadines
49%
Samoa
49%
Tonga
49%
Vanuatu
49%
République arabe sahraouie démocratique
48%
Trinité-et-Tobago
48%
Tuvalu
48%
Brunei
47%
Nauru
47%
Palaos
47%
Saint-Christophe-et-Niévès
47%
Salomon
47%
Timor oriental
47%
Antigua-et-Barbuda
46%
Mayotte
46%
Grenade
45%
Îles Féroé
44%
Nouvelle-Calédonie
44%
Polynésie Française
43%
Porto Rico
37%
Hong Kong
34%
Saint-Pierre-et-Miquelon
32%
Bermudes
31%
Chypre du Nord
31%
Îles Malouines
31%
Somaliland
31%
Saint-Martin
30%
Sint Maarten
30%
Gibraltar
29%
Wallis-et-Futuna
27%
Île de Man
26%
Îles Cook
26%
Îles Vierges britanniques
26%
Jersey
25%
Saint-Barthélemy
25%
Curaçao
23%
Guam
23%
Îles Caïmans
23%
Îles Vierges des États-Unis
23%
Ossétie du Sud
23%
Sainte-Hélène, Ascension et Tristan da Cunha
23%
Transnistrie
23%
Aruba
22%
Guernesey
22%
Svalbard et Jan Mayen
22%
Abkhazie
21%
Macao
21%
Samoa américaines
19%
Île Christmas
18%
Îles Turques-et-Caïques
17%
Niue
17%
Îles Mariannes du Nord
16%
Anguilla
15%
Îles Cocos (Keeling)
15%
Montserrat
15%
Pays-Bas caribéens
15%
Îles Pitcairn
14%
Île Norfolk
13%
Tokelau
11%
Aucun quiz correspondant
Distribution des résultats
% des personnes avec chaque résultat
Percentile par nombre de réponses
Votre historique - résultats
Vous n’avez pas pris ce quiz depuis la dernière actualisation